000 00380nam a2200145Ia 4500
008 231129s2004||||xx |||||||||||||| ||spa||
020 _a958-42-1066-1
040 _bspa
082 _a332.024 T871c
100 _aTrump Donald J.
245 0 _aCómo hacerse rico
260 _c2004
264 _aBogotá Colombia: Planeta
942 _2ddc
_cBKS
999 _c7584
_d7584